MARC

LEADER 00000nam0a2200000 4500
001 290984
005 20231102000337.0
035 |a (RuTPU)RU\TPU\book\315544 
090 |a 290984 
100 |a 20150410d1983 km y0rusy50 ca 
101 0 |a rus 
102 |a RU 
105 |a a z 001zy 
200 1 |a Художники Татарии  |f А. Б. Файнберг 
210 |a Ленинград  |c Художник РСФСР  |d 1983 
215 |a 232 с.  |c ил. 
320 |a Список репродукций: с. 230-232 
606 1 |a Искусство  |x История  |y Россия  |z 19 в.  |z 20 в.  |2 stltpush  |3 (RuTPU)RU\TPU\subj\72674  |9 86083 
610 1 |a Татария 
610 1 |a изобразительное искусство 
610 1 |a живопись 
610 1 |a графика 
610 1 |a скульптура 
610 1 |a декоративно-прикладное искусство 
610 1 |a художники 
675 |a 7.036  |v 3 
700 1 |a Файнберг  |b А. Б.  |g Аркадий Борисович 
801 1 |a RU  |b 63413507  |c 20150410 
801 2 |a RU  |b 63413507  |c 20181005  |g RCR 
942 |c BK